| 000 -LEADER |
| fixed length control field |
00356nam a2200109Ia 4500 |
| 008 - FIXED-LENGTH DATA ELEMENTS--GENERAL INFORMATION |
| fixed length control field |
200302s9999 xx 000 0 und d |
| 100 ## - MAIN ENTRY--PERSONAL NAME |
| Personal name |
Dorothy A. Henehan and Others |
| 245 ## - TITLE STATEMENT |
| Title |
Building Change of Use Renovating, Adapting, and Altering Commercial and Industrial Propertie |
| 260 ## - PUBLICATION, DISTRIBUTION, ETC. |
| Name of publisher, distributor, etc. |
Mcgraw- hill International Book co., |
| 260 ## - PUBLICATION, DISTRIBUTION, ETC. |
| Date of publication, distribution, etc. |
2004 |
| 300 ## - PHYSICAL DESCRIPTION |
| Extent |
505 |